LEADER 00719nam0-2200265 --450 001 9910853501403321 005 20240520120017.0 010 $a978-88-581-4985-0 100 $a20240520d2024----kmuy0itay5050 ba 101 0 $aita 102 $aIT 105 $a 001yy 200 1 $a<>statue giuste$fTomaso Montanari 210 $aBari$aRoma$cLaterza$d2024 215 $aXIV, 132 p.$d20 cm 225 1 $aFact checking 225 1 $a<>Robinson. Letture 700 1$aMontanari,$bTomaso$f<1971- >$0267471 801 0$aIT$bUNINA$gREICAT$2UNIMARC 901 $aBK 912 $a9910853501403321 952 $a705 MONT 02$b2024/9751$fFLFBC 959 $aFLFBC 996 $aStatue giuste$94158637 997 $aUNINA